000 00243nam a22001217a 4500
999 _c12750
_d12750
020 _a9789352861774
082 _a530
245 _aConceptual Physics
250 _a12th
260 _aIndia
_bPearson
_c2018
300 _a814 pages
942 _cBK